MF DOOM Albums - Statistics

General Stats
  • This quiz has been taken 76 times
    14 since last reset
  • The average score is 4 of 9
Answer Stats
Release Date Album % Correct
October 19. 1999 Operation: Doomsday
100%
November 16, 2004 Mm..Food
82%
March 23, 2004 Madvillainy
64%
September 13, 2003 Vaudeville Villain
45%
March 24, 2009 Born Like This
36%
June 17, 2003 Take Me To Your Leader
36%
August 3, 2004 Venomous Villain
27%
March 30, 2018 Czarface Meets Metal Face
9%
May 7, 2021 Super What?
9%
No matching quizzes found
Score Distribution
Percent of People with Each Score
Percentile by Number Answered
Your Score History
You have not taken this quiz since the last reset